Thế giới đồ họa Adobe Photoshop CS : Chuyên đề ghép và xử lý ảnh

保存先:
書誌詳細
第一著者: Phạm, Quang Huy
フォーマット: 図書
言語:Undetermined
出版事項: Hà Nội Giao thông Vận tải 2004
主題:
タグ: タグ追加
タグなし, このレコードへの初めてのタグを付けませんか!
Thư viện lưu trữ: Trung tâm Học liệu Trường Đại học Cần Thơ
LEADER 00724nam a2200217Ia 4500
001 CTU_74443
008 210402s9999 xx 000 0 und d
020 |c 50000 
082 |a 006.68 
082 |b H523 
100 |a Phạm, Quang Huy 
245 0 |a Thế giới đồ họa Adobe Photoshop CS : 
245 0 |b Chuyên đề ghép và xử lý ảnh 
245 0 |c Phạm Quang Huy, Phạm Quang Hiển biên soạn 
260 |a Hà Nội 
260 |b Giao thông Vận tải 
260 |c 2004 
650 |a Computer graphics,Photography,Photoshop (computer rograms) 
650 |x Computer programs,Processing 
904 |i Tuyến 
980 |a Trung tâm Học liệu Trường Đại học Cần Thơ